[Event "ESP-ch Universities"]
[Site "Madrid"]
[Date "2008.05.08"]
[Round "2"]
[White "Rios del Moral, Roberto Neftali"]
[Black "Llaneza Vega, Marcos"]
[Result "0-1"]
[WhiteElo "2170"]
[BlackElo "2425"]
[PlyCount "62"]
[EventDate "2008.05.08"]
[EventType "swiss"]
[EventRounds "9"]
[EventCountry "ESP"]
[SourceTitle "CBM 124 Extra"]
[Source "ChessBase"]
[SourceDate "2008.07.03"]
[SourceVersion "1"]
[SourceVersionDate "2008.07.03"]
[SourceQuality "1"]

1. d4 Nf6 2. Nf3 g6 3. g3 Bg7 4. Bg2 0-0 5. 0-0 d6 6. b3 a5 7. Bb2 c6 8. c4 Bf5 9. Nc3 Na6 10. a3 Qd7 11. Re1 Bh3 12. e4 Bxg2 13. Kxg2 b5 14. cxb5 cxb5 15. e5 Nh5 16. Qe2 b4 17. Nd5 Nc7 18. Nxc7 Qxc7 19. Rac1 Qd7 20. a4 Bh6 21. d5 dxe5 22. Qxe5 Bg7 23. Qe2 Bxb2 24. Qxb2 Nf4+ 25. gxf4 Qg4+ 26. Kf1 Qxf3 27. Rxe7 Qh1+ 28. Ke2 Qxd5 29. f3 Qh5 30. Ke3 Rae8 31. Re5 f6 0-1